The economic impact of the Canary Wharf development and extension to the Docklands Light Railway :preliminary report prepared for the Canary Wharf Development Co. Ltd. (Record no. 89817)

MARC details
000 -LEADER
fixed length control field 00649cam a2200205 4500
001 - CONTROL NUMBER
control field B100
008 - FIXED-LENGTH DATA ELEMENTS--GENERAL INFORMATION
fixed length control field 090401t1986 xxu||||| |||| 00| 0 eng d
035 ## - SYSTEM CONTROL NUMBER
System control number (Sirsi) u33550
041 ## - LANGUAGE CODE
Language code of text/sound track or separate title eng
050 ## - LIBRARY OF CONGRESS CALL NUMBER
Classification number 711.52094215
110 ## - MAIN ENTRY--CORPORATE NAME
Corporate name or jurisdiction name as entry element Henley Centre
9 (RLIN) 1868
245 #4 - TITLE STATEMENT
Title The economic impact of the Canary Wharf development and extension to the Docklands Light Railway :preliminary report prepared for the Canary Wharf Development Co. Ltd.
260 ## - PUBLICATION, DISTRIBUTION, ETC.
Place of publication, distribution, etc. London
Name of publisher, distributor, etc. Canary Wharf Development Co. Ltd
Date of publication, distribution, etc. 1986
300 ## - PHYSICAL DESCRIPTION
Extent 21 leaves ; 30cm.
350 ## - PRICE (NR) (BK AM CF MU VM SE) [OBSOLETE]
Price 8.5
650 ## - SUBJECT ADDED ENTRY--TOPICAL TERM
Topical term or geographic name entry element DOCKLAND REDEVELOPMENT
650 ## - SUBJECT ADDED ENTRY--TOPICAL TERM
Topical term or geographic name entry element LONDON
942 ## - ADDED ENTRY ELEMENTS (KOHA)
Suppress in OPAC 0
948 ## - LOCAL PROCESSING INFORMATION (OCLC); SERIES PART DESIGNATOR (RLIN)
c (OCLC) 04/03/1997
Holdings
Withdrawn status Lost status Source of classification or shelving scheme Damaged status Not for loan Home library Current library Shelving location Date acquired Cost, normal purchase price Total Checkouts Full call number Barcode Date last seen Date last checked out Copy number Cost, replacement price Price effective from Koha item type
    Dewey Decimal Classification     London London Folio 14/09/1999 8.50 2 F711.52094215 30018724 06/08/2019 06/08/2003 1 8.50 06/08/2019 Book